000 00667nam a22002057a 4500
999 _c2638
_d2638
003 URS
005 20220114142221.0
008 190703s2014 ph a|||| |||| 00| 0 eng d
020 _a9789719617112
040 _beng
_cURS
_drda
050 1 4 _aTX 601
_b.F6341 2014
100 _aFlores, Eva Nebril
245 1 0 _aFood selection preparation and cooking
_cEva Nebril- Flores
260 _bWiseman's Book Trading, Incorporated;
_c[2014]
300 _a335 pages
_bwith illustrations
_c26 cm
504 _aBibiliography: 334 pages
524 _aE.N. Flores (2014) Food selection preparation and cooking. Wiseman's Trading Incorporated.
650 0 _aCooking
942 _2lcc
_cF